Europe Geography Quiz #4 - Statistics

General Stats
  • This quiz has been taken 70,471 times
    70,377 since last reset
  • The average score is 13 of 21
Answer Stats
Question Answer % Correct
What is the capital of Ukraine? Kyiv
98%
What Mediterranean island are sardines named after? Sardinia
82%
What are Lithuania, Latvia, and Estonia known as? The {Baltic} States
82%
What German city is known as Köln in its own language? Cologne
79%
What are the most populous urban areas in Europe whose names end in W? Warsaw
74%
What is the national animal of England? Lion
73%
What city is home to the Parliament of the Netherlands? The Hague
72%
What country is known as Suomi in its own language? Finland
68%
What city is served by Fiumicino airport? Rome
64%
What English city was once a Roman spa town known as Aquae Sulis? Bath
61%
In what sea would you find the islands of Santorini and Mykonos? Aegean
60%
Which city in Austria was the birthplace of Mozart? Salzburg
59%
What country's main ethnic group are known as Magyars? Hungary
57%
What are the most populous urban areas in Europe whose names end in W? Moscow
55%
What activity makes Davos, Zermatt, and Chamonix famous? Skiing
52%
What region of northwest France is known for crêpes and striped shirts? Brittany
47%
What peninsula includes parts of Denmark and Germany? Jutland
42%
What mountain range is home to Mount Elbrus, the tallest mountain in Europe? Caucasus
39%
What are the most populous urban areas in Europe whose names end in W? Kraków
38%
What city, starting with the letter B, can be found at the border of Switzerland, France, and Germany? Basel
36%
What are the most populous urban areas in Europe whose names end in W? Glasgow
20%
No matching quizzes found
Score Distribution
Percent of People with Each Score
Percentile by Number Answered
Your Score History
You have not taken this quiz since the last reset